Pinóquio (Record no. 45545)

MARC details
000 -Etiqueta do registo
Valores 00541cam a2200217 4500
010 ## - Número ISBN
ISBN 9725684001
021 ## - Número do Depósito Legal
Número 123751/98
100 ## - Dados gerais de processamento
Dados gerais 19990729d1998 cd y0pory5003 ba
101 1# - Língua de publicação
Língua por
102 ## - País de publicação
País PT
200 1# - Titulo e menção de responsabilidade
Título próprio Pinóquio
Primeira menção de responsabilidade il. Claudio Cernuschi
210 #9 - Publicação
Local de publicação [S.l.]
Nome do editor 2008 C. C. Asturias
Data de publicação [2008]
215 ## - Descrição física 
Paginação / Volumes [24] p.
Outras indicações físicas muito il.
225 2# - Colecção 
Título próprio da colecção Era uma vez
675 ## - CDU
Notação 087.5
Edição BN
Língua por
700 #1 - Autor principal
Apelido Cernuschi,
Nome Claudio,
Datas 1966-
701 #1 - Autor co-responsavel
Apelido De Filippo,
Nome Maria
Função 070
801 #0 - Fonte de origem
País PT
Agência BN
Regras de catalogação RPC
990 ## - Elementos KOHA
Tipo de documento Livro
Holdings
Aquisição Empréstimo Código de barras Cota Permissão de empréstimo Tipo de documento
Biblioteca do Centro Lúdico de Redondo Biblioteca do Centro Lúdico de Redondo 056241 82-93 CER   Livro

Powered by Koha